U.S. Geography Bee General Knowledge #1 - Statistics

General Stats
  • This quiz has been taken 300 times
  • The average score is 14 of 20
Answer Stats
Question Answer % Correct
Which is the oldest national park in the US? It is located on the border of three states. Yellowstone National Park
97%
Which city could a person celebrate mardi gras while experiencing the origins of jazz? New Orleans
90%
Which city is the Mormon tabernacle located in? Salt Lake City
86%
Which state would one visit to see Mount Rushmore and Badlands National Park? South Dakota
86%
Nantucket and Martha's Vineyard are island vacation destinations in which state? Massachusetts
81%
Which city is the headquarters of Starbucks and Microsoft? Seattle
81%
The “Biggest Little City in the World” and “The Sin City” are located in which state? Nevada
79%
The finger lakes are located in the upstate region of which state? New York
77%
Which state is the leading producer of corn? It shares borders with the Mississippi and Missouri rivers. Iowa
76%
Which technology region of California consists of the headquarters of Apple and Facebook? Silicon Valley
76%
Wilmington is the largest city in this state that is also nicknamed “The First State”? Delaware
75%
Which state is the largest producer of potatoes? Idaho
74%
Which city is home to the Willis Tower and the Wrigley Field baseball stadium? Chicago
70%
Which is the most populous city in Nebraska? It is also home to the college world series? Omaha
68%
This city is home to Heinz Field, where the Ohio, Alleghany, and Monongahela rivers meet? Pittsburgh
62%
The research triangle, which is comprised of three major research universities, is located in which state? North Carolina
59%
The Battle of Little Bighorn and Glacier National Park are located in which state? Montana
58%
This state’s three largest cities all start with the letter C, which state is this? Ohio
57%
Which mountain is the highest in the contiguous US? Mt. Whitney
45%
Holland is home to the largest tulip festival in the US? Holland is a city in which state? Michigan
31%
No matching quizzes found
Score Distribution
Percent of People with Each Score
Percentile by Number Answered
Your Score History
You have not taken this quiz